000 00596nam a2200145 a 4500
008 150617s2013 ||||||||||||||||| || u
020 _a9781444768633
050 _aGV 721.5 Enn
100 _aEnnis, Jessica
245 1 0 _aUnbelievable: from my childhood dreams to winning the olympics gold
_cby Jessica Ennis with Rick Broadbent
260 _aLondon
_bHodder and Stoughton
_c2013
300 _a276p.: ill.
650 _aATHLETS--BIOGRAPHY
995 _FCBU-MAIN LIBRARY (Kitwe)
_M1
_UAVAILABLE
_WOct 13, 2015
_ZMain Library Open Access Collection
999 _c60584
_d60584